स्वातंत्र्यज्योती. (Record no. 279340)

MARC details
000 -LEADER
fixed length control field 00681nam a2200181Ia 4500
008 - FIXED-LENGTH DATA ELEMENTS--GENERAL INFORMATION
fixed length control field 090630s9999 xx 000 0 und d
082 ## - DEWEY DECIMAL CLASSIFICATION NUMBER
Item number 27484
100 ## - MAIN ENTRY--PERSONAL NAME
Personal name देशपांडे अनघा.
245 ## - TITLE STATEMENT
Title स्वातंत्र्यज्योती.
Statement of responsibility, etc देशपांडे अनघा.
260 ## - PUBLICATION, DISTRIBUTION, ETC. (IMPRINT)
Name of publisher, distributor, etc मनशांती - लोणावळे.
Date of publication, distribution, etc 1997
300 ## - PHYSICAL DESCRIPTION
Extent 128
600 ## - SUBJECT ADDED ENTRY--PERSONAL NAME
Personal name देशपांडे अनघा.
630 ## - SUBJECT ADDED ENTRY--UNIFORM TITLE
Uniform title स्वातंत्र्यज्योती.
655 ## - INDEX TERM--GENRE/FORM
Genre/form data or focus term इतर.
700 ## - ADDED ENTRY--PERSONAL NAME
Personal name देशपांडे अनघा.
730 ## - ADDED ENTRY--UNIFORM TITLE
Uniform title स्वातंत्र्यज्योती.
942 ## - ADDED ENTRY ELEMENTS (KOHA)
Koha item type Book
Holdings
Withdrawn status Lost status Damaged status Not for loan Home library Current library Date acquired Cost, normal purchase price Total Checkouts Full call number Barcode Date last seen Cost, replacement price Price effective from Koha item type
        Sarvajanik Wachanalaya Shrivardhan Sarvajanik Wachanalaya Shrivardhan   50.00   27484 SAWASHRI-27484 06/30/2009 50.00 06/30/2009 Book